Viajes de Cristóbal Colón

Enregistré dans:
Détails bibliographiques
Auteurs principaux: Hall, Basil (Auteur), Beaumont, Georges de (Auteur), Castelnau, Francisco, Francisco de la Porte, Conde de (Auteur)
Format: Livre
Langue:français
Publié: París Chez P. Duménil, Editeur 1844
Édition:1a. ed
Collection:Nouvelle Bibliothèque des Voyages anciens et modernes
Sujets:
Tags: Ajouter un tag
Pas de tags, Soyez le premier à ajouter un tag!

MARC

LEADER 00000nam a2200000 a 4500
001 UCJ7502
003 CL-VaPUC
008 070124e18440000FR |||||||||||||||||fre|d
082 0 4 |a 910.4  |b HAL  |2 21 
100 0 |a Hall, Basil  |e author  |9 510471 
700 0 |a Beaumont, Georges de  |e author  |9 515966 
700 0 |a Castelnau, Francisco, Francisco de la Porte, Conde de  |e author  |9 515967 
245 1 0 |a Viajes de Cristóbal Colón 
246 1 0 |a Voyage aux États Unis de l'Amérique septentrionale d'après Basill Hall 
250 |a 1a. ed 
300 |a 400 p 
942 |c BK 
945 |d 20070124 00:00:00  |a rinostro 
260 |a París  |b Chez P. Duménil, Editeur  |c 1844 
500 |a Ilustraciones y mapas conforme a lo señalado en índice 
600 0 7 |a COLON, CRISTOBAL  |2 CL-VaPUC  |9 265189 
600 0 7 |a PIZARRO, FRANCISCO  |2 CL-VaPUC  |9 446370 
600 0 7 |a CORTES, HERNAN  |2 CL-VaPUC  |9 258554 
650 0 |a Biografías  |9 255210 
650 0 |a Viajes  |9 257115 
650 0 |a Descubrimientos geográficos  |9 331933 
650 0 |a Aborígenes  |9 329972 
650 0 |a Flora y fauna  |9 338564 
650 0 |a Recursos naturales  |9 255232 
650 0 |a Ilustraciones  |9 369481 
650 0 |a Mapas  |9 260844 
651 0 |a Grecia  |9 265314 
651 7 |a CONSTANTINOPLA  |2 CL-VaPUC  |9 342299 
651 0 |a América  |9 255182 
583 |a last modification  |c 20130926 04:28:51  |k Rodrigo Vera 
490 0 |a Nouvelle Bibliothèque des Voyages anciens et modernes 
999 |c 323586  |d 323584 
952 |0 0  |1 0  |4 0  |6 910_400000000000000_HAL_1844  |7 0  |8 X  |9 403327  |a FDOBUD  |b FDOBUD  |d 2019-11-22  |i 1065203  |o 910.4 HAL 1844  |p 1065203  |r 2019-11-22  |w 2019-11-22  |y BK_X  |k BUD